000
00507nam a2200145Ia 4500
008
090711s9999 xx 000 0 und d
082
_b
28423
100
_a
टोळ दत्ता श्री.
245
_a
मgत्यूजंयाSया कथा
600
_a
टोळ दत्ता श्री.
630
_a
मgत्यूजंयाSया कथा
700
_a
टोळ दत्ता श्री.
730
_a
मgत्यूजंयाSया कथा
942
_c
BOOK
999
_c
323432
_d
323432